| 000 | 00471nam a2200181Ia 4500 | ||
|---|---|---|---|
| 008 | 131103s9999 xx 000 0 und d | ||
| 040 | _aLoreto College | ||
| 041 | _aEnglish | ||
| 082 |
_aREF14 _bLCBED/11143 |
||
| 100 | _aLinton, Margaret | ||
| 245 |
_aSquirrel is hungry _cMargaret Linton , Trevor Terry |
||
| 260 |
_aLondon _bMacdonald _c1989 |
||
| 300 |
_a20p _b pic. _c 15cm. |
||
| 440 | _aNature tales | ||
| 650 | _aREF14 | ||
| 850 | _aLCBED/REF14 | ||
| 942 | _cBK | ||
| 999 |
_c33824 _d84303 |
||